000 01719cam a22001934a 4500
005 20250605165244.0
008 250528s ||||||||||||||||||||||||d
035 _a23587
040 _aGR-AtMCL
_bgre
_dGR-AtMCL
_eAACR2
245 1 _aΚατάρτιση Marketing Plan Supermarket στην Περιοχή της Πελασγίας.
260 _c2013
300 _a65
520 _aΕισαγωγή, Ορισμοί Μαρκετινγκ, Μίγμα Μαρκετινγκ, Ορισμός Σχεδίου Μαρκετινγκ, Χρησιμότητα Σχεδίου Μαρκετινγκ, Το Περιβάλλον του Μαρκετινγ μιας Επιχείρησης, Το Μακροπεριβάλλον Μικροπεριβάλλον μιας Επιχείρησεις, οι Δυνάμεις - Ομάδες του Άμεσου Επιχειρησιακόυ Περιβάλλοντος, οι Δυνάμεις του Εξωτερικού Περιβάλλοντος, το Άμεσο Επιχειρησιακό Περιβάλλον, SWOT Analysis, Σκοπός και Στόχοι Μαρκετινγκ, Στρατηγική Μαρκετινγκ, Προσδιορισμός Αγοράς Στόχου (Target Group), Τακτική Μαρκετινγκ Πρόγραμμα Ενεργειών, Προϊόντα (ή Υπηρεσία) PRODUCT, Τόπος PLACE, Τιμή PRICE, Προώθηση PROMOTION, Πρόβλεψη Αναμενόμενου Αποτελέσματος και Έλεγχος, Συμπεράσματα, Βιβλιογραφία.
700 1 _aΘεοδωρόπουλος Ανδρέας
_93878
700 1 _aΚορτιμανίτση Μαρία
_99174
942 _cDS
999 _c8588
_d8588